000 01131nam a22003257a 4500
003 CHAP
005 20220329135616.0
008 971013s1994 r 00010 d
010 _a39234
011 _a40206
035 _a44331
040 _cCHAP
090 _aTesis
100 0 0 _aCano Ascencio, Antonia.
_918380
245 _aEfecto de los cambios institucionales sobre los sistemas económicos familiares
260 _aChapingo, Méx. :
_bEl autor,
_c1994
300 _a93 h.
_b; gráfs.
_e+ anexos
502 _aTesis (Ing. Agr. Esp. en Economía Agricola) -- UACH. Departamento de Economía Agrícola
590 _aALEPH
_b10
_c20130110
_lUCH01
_h1306
590 _aBATCH-UPD
_b10
_c20130110
_lUCH01
_h1236
590 _aBATCH-UPD
_b10
_c20130410
_lUCH01
_h0804
590 _aBATCH-UPD
_b10
_c20130914
_lUCH01
_h0857
590 _aCONVERSION
_b10
_c20130109
_lUCH01
_h1322
650 1 4 _aEconomía doméstica
_zMéxico.
_935270
650 1 4 _aPolítica económica
_zMéxico.
_990535
901 _aBK
942 _cFOLL
949 _bBC
_cTES
_d-101580
_eTS1
_h27523
_i44331
_si
949 _bBC
_cTES
_d-101581
_eTS2
_fc.2
_h27524
_i44331
_si
999 _c39234
_d39234